| 000 | 00962nam a22002537a 4500 | ||
|---|---|---|---|
| 005 | 20170123164154.0 | ||
| 010 | _aB-124699 | ||
| 020 |
_c120.00 _a8180590208 |
||
| 035 | _aB-124699 | ||
| 037 | _bCen Lib/Ret | ||
| 040 |
_aDPL _bPN |
||
| 082 |
_a851 _bਇੰਦੇ |
||
| 100 |
_aਇੰਦੇ _941420 |
||
| 245 |
_aਮਨ ਦਾ ਵਾਸੀ : _cਇੰਦੇ _bਕਵਿਤਾਵਾਂ |
||
| 246 |
_aMann da wasi : poetry / _bby Inde |
||
| 260 |
_aਦਿੱੱਲੀ _bਸ਼੍ਰੀ ਪ੍ਰਕਾਸ਼ਨ _c2004 |
||
| 270 |
_a4/32 ਸੁਭਾਸ਼ ਗਲੀ, ਵਿਸ਼ਵਾਸ ਨਗਰ, ਸ਼ਾਹਦਰਾ _bਦਿੱੱਲੀ _e110032 |
||
| 300 |
_a95p. _c22cm(Hb) |
||
| 650 |
_a ਸਾਹਿਤ--ਪੰਜਾਬੀ _9130079 |
||
| 650 |
_aਪੰਜਾਬੀ -- ਕਵਿਤਾਵਾਂ _9130080 |
||
| 650 |
_a Literature--Punjabi _9130081 |
||
| 650 |
_aPunjabi -- Poetry _9130082 |
||
| 942 |
_2ddc _cPN _h851 _mਇੰਦੇ |
||
| 999 |
_c110539 _d110539 |
||